[Event "GER-chT U16"]
[Site "Willingen"]
[Date "2021.06.25"]
[Round "3.7"]
[White "Schuh, Ramon"]
[Black "Kluge, Malte"]
[Result "1/2-1/2"]
[WhiteElo "1378"]
[BlackElo "1652"]
[PlyCount "65"]
[EventDate "2021.06.23"]
[EventType "team-swiss"]
[EventRounds "7"]
[EventCountry "GER"]
[SourceTitle "CBM 203 Extra"]
[Source "ChessBase"]
[SourceDate "2021.09.30"]
[SourceVersion "1"]
[SourceVersionDate "2021.09.30"]
[SourceQuality "1"]
[WhiteTeam "Hoyerswerda"]
[BlackTeam "Kornwestheim"]
[WhiteTeamCountry "GER"]
[BlackTeamCountry "GER"]

1. e4 c5 2. Nc3 d6 3. g3 g6 4. Bg2 Bg7 5. d3 e6 6. Be3 Nc6 7. Qd2 Nge7 8. Bh6 0-0 9. Nge2 b6 10. 0-0 Ba6 11. Bxg7 Kxg7 12. f4 Nd4 13. g4 Bb7 14. f5 Ng8 15. fxe6 fxe6 16. Nxd4 cxd4 17. Ne2 e5 18. Rxf8 Qxf8 19. Rf1 Qe7 20. Qe1 Rf8 21. Rxf8 Qxf8 22. Qf2 Qxf2+ 23. Kxf2 Bc8 24. g5 Ne7 25. Kg3 Nc6 26. a3 Nd8 27. h4 Kf7 28. Bf3 Ne6 29. Bg4 Bb7 30. Bf3 Bc8 31. Bg4 Bb7 32. Bf3 Bc8 33. Bg4 1/2-1/2

[Event "GER-chT U14"]
[Site "Magdeburg"]
[Date "2019.12.29"]
[Round "6.10"]
[White "Kokowski, Kevin"]
[Black "Schuh, Ramon"]
[Result "1-0"]
[WhiteElo "1627"]
[BlackElo "1360"]
[PlyCount "43"]
[EventDate "2019.12.27"]
[EventType "team-swiss"]
[EventRounds "7"]
[EventCountry "GER"]
[SourceTitle "CBM 194 Extra"]
[Source "ChessBase"]
[SourceDate "2020.03.31"]
[SourceVersion "1"]
[SourceVersionDate "2020.03.31"]
[SourceQuality "1"]
[WhiteTeam "Walldorf"]
[BlackTeam "Hoyerswerda"]
[WhiteTeamCountry "GER"]
[BlackTeamCountry "GER"]

1. e4 d6 2. d4 Nf6 3. Nc3 g6 4. f4 Bg7 5. Nf3 0-0 6. Bd3 Nbd7 7. 0-0 c5 8. d5 e6 9. dxe6 fxe6 10. f5 gxf5 11. exf5 Nb6 12. fxe6 Bxe6 13. Ng5 Bd7 14. Bf4 Qc7 15. Bxd6 Qc8 16. Bxf8 Qxf8 17. Nxh7 Qe7 18. Nxf6+ Bxf6 19. Qf3 Rf8 20. Qxb7 Qe3+ 21. Kh1 Rf7 22. Qb8+ 1-0

[Event "GER-chT U14"]
[Site "Magdeburg"]
[Date "2019.12.27"]
[Round "2.10"]
[White "Schuh, Ramon"]
[Black "Halabi, Ibrahim"]
[Result "0-1"]
[WhiteElo "1360"]
[BlackElo "1918"]
[PlyCount "166"]
[EventDate "2019.12.27"]
[EventType "team-swiss"]
[EventRounds "7"]
[EventCountry "GER"]
[SourceTitle "CBM 194 Extra"]
[Source "ChessBase"]
[SourceDate "2020.03.31"]
[SourceVersion "1"]
[SourceVersionDate "2020.03.31"]
[SourceQuality "1"]
[WhiteTeam "Hoyerswerda"]
[BlackTeam "Frankenthal"]
[WhiteTeamCountry "GER"]
[BlackTeamCountry "GER"]

1. b3 d5 2. Bb2 Nf6 3. e3 e6 4. Nf3 c5 5. c4 Nc6 6. Be2 d4 7. d3 e5 8. exd4 exd4 9. 0-0 Bd6 10. Re1 0-0 11. h3 b6 12. Bf1 Bb7 13. g3 Qc7 14. Bg2 Rfe8 15. a3 Rxe1+ 16. Qxe1 Re8 17. Qf1 Ne7 18. Nbd2 Ng6 19. Re1 Rxe1 20. Qxe1 h5 21. h4 Bc6 22. b4 a6 23. Ng5 Bxg2 24. Kxg2 Ne5 25. Qe2 Qc6+ 26. Kg1 Qd7 27. bxc5 bxc5 28. Nde4 Nxe4 29. Qxe4 g6 30. Bc1 Kg7 31. Bf4 Qe7 32. Nf3 Nxf3+ 33. Qxf3 Qe1+ 34. Kg2 Bxf4 35. Qxf4 Qe2 36. Qd6 Qxd3 37. Qxc5 Qe4+ 38. Kg1 d3 39. Qd6 Qxc4 40. Qe5+ Kh7 41. Qd6 Qc1+ 42. Kg2 Qc4 43. Qd7 Qe4+ 44. Kg1 Kg7 45. Qd6 Qe1+ 46. Kg2 Qc3 47. Qd5 d2 48. a4 a5 49. Kh2 Qb2 50. Kg2 Qc2 51. Qd4+ Kh7 52. Qd5 Kg7 53. Qd4+ f6 54. Qd7+ Kh6 55. Qe8 Qc7 56. Qe3+ Kg7 57. Qxd2 Qc6+ 58. Kh2 Qxa4 59. Qd8 Qa2 60. Qe7+ Qf7 61. Qa3 Qa7 62. Kg1 a4 63. Kg2 Qb7+ 64. Kg1 Qe4 65. Kh2 Kf7 66. Kg1 Ke6 67. Kh2 Kf5 68. Qc5+ Kg4 69. Qc8+ f5 70. Qa6 f4 71. Qf6 fxg3+ 72. fxg3 Qc2+ 73. Kg1 Kxg3 74. Qg5+ Kf3 75. Qf6+ Ke3 76. Qe5+ Kd3 77. Qg3+ Kc4 78. Qf4+ Kb3 79. Qe3+ Kb2 80. Qe5+ Kb1 81. Qb5+ Ka1 82. Qe5+ Qb2 83. Qe4 Qb1+ 0-1

[Event "GER-chT U14"]
[Site "Magdeburg"]
[Date "2018.12.29"]
[Round "5.3"]
[White "Nourzad, Shayan"]
[Black "Schuh, Ramon"]
[Result "1-0"]
[WhiteElo "1628"]
[BlackElo "1307"]
[PlyCount "49"]
[EventDate "2018.12.27"]
[EventType "team-swiss"]
[EventRounds "7"]
[EventCountry "GER"]
[SourceTitle "CBM 188 Extra"]
[Source "ChessBase"]
[SourceDate "2019.02.26"]
[SourceVersion "1"]
[SourceVersionDate "2019.02.26"]
[SourceQuality "1"]
[WhiteTeam "Paderborn"]
[BlackTeam "Hoyerswerda"]
[WhiteTeamCountry "GER"]
[BlackTeamCountry "GER"]

1. d4 Nf6 2. Nf3 g6 3. c4 Bg7 4. Nc3 d6 5. e4 Nbd7 6. Be2 0-0 7. h3 e5 8. d5 Nc5 9. Qc2 a5 10. Be3 Nfd7 11. g4 h6 12. Nd2 c6 13. 0-0-0 Qc7 14. Rdg1 Rb8 15. Nf1 b6 16. Ng3 Ba6 17. h4 b5 18. dxc6 Nb6 19. cxb5 Bc8 20. Qd1 Be6 21. g5 h5 22. Bxh5 gxh5 23. Nxh5 Kh7 24. Nf6+ Bxf6 25. Qh5+ 1-0